000 00392pab a2200145 454500
008 180718b2006 xxu||||| |||| 00| 0 eng d
100 _aGhosh, Buddhadeb
245 _aIndia's intellectual past through Amartya Sen's lenses (a review article)
260 _c2006
300 _ap.301-16.
362 _aJul-Dec
650 _aHistory
773 _aSouth Asian Economic Journal
909 _a72026
999 _c72026
_d72026